| 000 | 00369nam a2200145Ia 4500 | ||
|---|---|---|---|
| 008 | 230312s9999||||xx |||||||||||||| ||und|| | ||
| 020 | _a93-5014-251-6 | ||
| 082 |
_a621.3813 _bGAR-M |
||
| 100 | _aGarg;Ravi | ||
| 245 | 0 | _aMicrowave and Radar Engineering | |
| 260 |
_bS.K.Kataria & Sons _aIndia _c2013 |
||
| 300 | _a311 | ||
| 650 |
_aEngineering _vAvionics |
||
| 942 | _cBK | ||
| 999 |
_c10582 _d10582 |
||